Roots and wings : (Record no. 128682)
[ view plain ]
| 000 -LEADER | |
|---|---|
| fixed length control field | 01623cam a22003254a 4500 |
| 001 - CONTROL NUMBER | |
| control field | 14646672 |
| 003 - CONTROL NUMBER IDENTIFIER | |
| control field | ARRUPE |
| 005 - DATE AND TIME OF LATEST TRANSACTION | |
| control field | 20181130112230.0 |
| 008 - FIXED-LENGTH DATA ELEMENTS--GENERAL INFORMATION | |
| fixed length control field | 061127r20072006miu b 000 0 eng |
| 010 ## - LIBRARY OF CONGRESS CONTROL NUMBER | |
| LC control number | 2006039419 |
| 020 ## - INTERNATIONAL STANDARD BOOK NUMBER | |
| International Standard Book Number | 9780802824622 (pbk. : alk. paper) |
| 020 ## - INTERNATIONAL STANDARD BOOK NUMBER | |
| International Standard Book Number | 0802824625 (pbk. : alk. paper) |
| 035 ## - SYSTEM CONTROL NUMBER | |
| System control number | (OCoLC)ocm76924994 |
| 035 ## - SYSTEM CONTROL NUMBER | |
| System control number | (OCoLC)76924994 |
| 040 ## - CATALOGING SOURCE | |
| Original cataloging agency | DLC |
| Transcribing agency | DLC |
| Modifying agency | DLC |
| 050 00 - LIBRARY OF CONGRESS CALL NUMBER | |
| Classification number | BL624 |
| Item number | .S53325 2006 |
| 082 00 - DEWEY DECIMAL CLASSIFICATION NUMBER | |
| Classification number | 233 |
| Edition number | 22 |
| 300 ## - PHYSICAL DESCRIPTION | |
| Dimensions | 23 cm. |
| 100 1# - MAIN ENTRY--PERSONAL NAME | |
| Personal name | Silf, Margaret. |
| 9 (RLIN) | 8810 |
| 245 10 - TITLE STATEMENT | |
| Title | Roots and wings : |
| Remainder of title | the human journey from a speck of stardust to a spark of God / |
| Statement of responsibility, etc | Margaret Silf. |
| 260 ## - PUBLICATION, DISTRIBUTION, ETC. (IMPRINT) | |
| Place of publication, distribution, etc | London. : |
| Name of publisher, distributor, etc | Darton, longman and Todd., |
| Date of publication, distribution, etc | 2006. |
| 300 ## - PHYSICAL DESCRIPTION | |
| Extent | xii, 162 p. ; |
| 500 ## - GENERAL NOTE | |
| General note | "First published 2006 in the United Kingdom by Darton, Longman and Todd ... London"--T.p. verso. |
| 504 ## - BIBLIOGRAPHY, ETC. NOTE | |
| Bibliography, etc | Includes bibliographical references (p. [161]-162). |
| 505 0# - FORMATTED CONTENTS NOTE | |
| Formatted contents note | Prologue -- There is a story growing inside you -- Ancient beginnings -- A contract with life -- The hinge of history -- Flying lessons -- The edge of the nest -- Some interesting books. |
| 650 #0 - SUBJECT ADDED ENTRY--TOPICAL TERM | |
| Topical term or geographic name as entry element | Spirituality. |
| 9 (RLIN) | 43718 |
| 650 #0 - SUBJECT ADDED ENTRY--TOPICAL TERM | |
| Topical term or geographic name as entry element | Theological anthropology. |
| 9 (RLIN) | 14536 |
| 856 41 - ELECTRONIC LOCATION AND ACCESS | |
| Materials specified | Table of contents only |
| Uniform Resource Identifier | <a href="http://www.loc.gov/catdir/toc/ecip076/2006039419.html">http://www.loc.gov/catdir/toc/ecip076/2006039419.html</a> |
| 906 ## - LOCAL DATA ELEMENT F, LDF (RLIN) | |
| a | 7 |
| b | cbc |
| c | orignew |
| d | 1 |
| e | ecip |
| f | 20 |
| g | y-gencatlg |
| 942 ## - ADDED ENTRY ELEMENTS (KOHA) | |
| Source of classification or shelving scheme | Library of Congress Classification |
| Koha item type | Monograph ( Printed materials) |
| Withdrawn status | Lost status | Source of classification or shelving scheme | Damaged status | Not for loan | Collection code | Home library | Current library | Shelving location | Date acquired | Total Checkouts | Full call number | Barcode | Date last seen | Date checked out | Price effective from | Koha item type |
|---|---|---|---|---|---|---|---|---|---|---|---|---|---|---|---|---|
| Library of Congress Classification | Main Collection | ARRUPE LIBRARY | ARRUPE LIBRARY | Main Collection | 30/11/2018 | 1 | BL624 .S53325 2006 | 46600002702 | 15/07/2019 | 25/02/2019 | 30/11/2018 | Monograph ( Printed materials) |